000 01357nam2a22002651 4500
001 RU\NLR\INFOCOMM31\5000020812
005 20250617013105.0
035 _a(NLR Aleph) 002345589
090 _a4496339
_c4496339
100 _a20041110d1958 |||y0rusy50 ca
101 0 _arus
102 _aRU
105 _ay ||||000|y
200 1 _aИсследование основных принципов конструирования и эксплуатации канатного скрепера
_fЛ. Куншагу
210 _d1958
_aБ. м.
309 _aНа обл.: 1959
461 0 _1001RU\NLR\INFOCOMM31\5000020790
_12001#$aСообщения о зарубежной технике$fМинтрансстрой СССР. Всесоюз. науч.-исслед. ин-т транспортного строительства. Сектор техн. информации$v№7
_94496308
_cМ.
_d1958-1959
_fМинтрансстрой СССР. Всесоюз. науч.-исслед. ин-т транспортного строительства. Сектор техн. информации
_tСообщения о зарубежной технике
_v№7
700 1 _aКуншагу
_bЛ.
_4070
801 1 _aRU
_bInfoComm
_c20041110
801 0 _aRU
_bNLR
_gPSBO
852 _aNLR
_jП10/2074
942 _cISSUE
980 _aNB
980 _aRUSPER